| 000 | 00586nam a2200217Ia 4500 | ||
|---|---|---|---|
| 003 | BUBTL | ||
| 008 | 151213s9999 xx 000 0 und d | ||
| 020 | _a8176494275 | ||
| 082 | _a823.8/ H7119w/ 2003 | ||
| 100 |
_a Holderness, Graham _95068 |
||
| 245 |
_aWithering Heights : _cGraham Holderness |
||
| 260 |
_aNew Dilhi _bViva Books _cc2003 |
||
| 300 |
_a99p. : _c21 cm |
||
| 500 | _aIncludes Index | ||
| 650 | _aEnglish Literature | ||
| 650 | _a | ||
| 700 |
_aGraham Holderness _95073 |
||
| 856 |
_k0 _l0 _yDownload |
||
| 942 |
_2ddc _cBK |
||
| 999 |
_c1626 _d1626 |
||